000 00351nam a2200133Ia 4500
005 20260328101526.0
008 260328s9999||||xx |||||||||||||| ||und||
100 _aAdjaye, David
245 0 _aAfrican Metropolitan Architecture - Vol.7 :
_b Mountain & Highvelt /
_cDavid Adjaye
260 _bRizzoli
300 _a95 p.
650 _aAFRICA
942 _cBK
999 _c9773
_d9773